2025 Events A-Z - Statistics

General Stats
  • This quiz has been taken 65 times
  • The average score is 14 of 26
Answer Stats
Hint Answer % Correct
C Band whose kiss-cam segment accidentally exposes a cheating couple Coldplay
91%
P This country is formally recognized by the UK, Australia, Canada and France Palestine
79%
H This wrestler-actor passes away aged 71 Hulk Hogan
77%
J Product which Sydney Sweeney promotes in a controversial ad jeans
77%
G This singer-actress plays Glinda in Wicked Ariana Grande
73%
O He passed away 17 days after playing his final show in Birmingham Ozzy Osbourne
70%
U Place where Charlie Kirk was assassinated during a debate Utah Valley University
68%
E This part of the White House is demolished to allow for the construction of a new ballroom East Wing
66%
K Comedian whose show was temporarily suspended amid feud with Trump Jimmy Kimmel
66%
L Plush toys sold by Pop Mart popularized by Lisa of Blackpink Labubu
66%
W This natural disaster ravages Los Angeles and San Diego county wildfires
66%
I This country joins the BRICS Indonesia
63%
N City that hosted the Super Bowl New Orleans, Louisiana
63%
V City where Jeff Bezos's wedding took place Venice
63%
Z This Democratic nominee is elected Mayor of New York City {Zohran} Mamdani
59%
B This former Brazilian president is convicted to 27 years in prison Jair Bolsonaro
57%
T This deadly natural disaster hits the Philippines, Vietnam and Thailand Typhoon
57%
A City where Donald Trump met Vladimir Putin Anchorage, Alaska
54%
S Country of the El Fasher massacre Sudan
48%
D A poll on this website is used to select an interim Prime Minister by Nepali protesters Discord
36%
F Activists attempt to break the Israeli blocade of Gaza in this way Gaza Freedom {Flotilla}
32%
R City where R. F. Prevost (now Pope Leo XIV) worked as cardinal-bishop before becoming Pope Rome
29%
M Country where protests against the Ntsay government were organized on a Facebook page called: Gen Z {Madagascar}
25%
Y This South Korean president is impeached for having declared martial law Yoon Suk Yeol
25%
Q J. M. Martinis, M. Devoret and J. Clarke receive the Nobel Prize in Physics for discovering this energy {quant}isation in an electric circuit
23%
X A humorous portmanteau for a post on X (formerly Twitter) xeet
13%
No matching quizzes found
Score Distribution
Percent of People with Each Score
Percentile by Number Answered
Your Score History
You have not taken this quiz